000 00412cam a2200157ua 4500
003 OSt
008 250617b |||||||| |||| 00| 0 eng d
041 _aeng
082 _a624.1834
_bCHA/TH
100 _aChatterjee, Binoy K .
_97583
245 _aTheory and design of concrete shells /
250 _a3 /
260 _aNew Delhi :
_bOxford & IBH Publishing company ,
_c1988.
300 _a280 ; .
942 _cBK
999 _c7228
_d7228